000 00679nam a22001937a 4500
003 BUBTL
008 200127b xxu||||| |||| 00| 0 eng d
020 _a9788177568417
082 _a891.443 / M8968p
100 _aমুখোপাধ্যায়, শীর্ষেন্দু
_92163
245 _aপারাপার /
_cশীর্ষেন্দু মুখোপাধ্যায়
250 _a2nd ed.
260 _aকলকাতা :
_bআনন্দ,
_cc2009.
300 _a451 p. :
_c21.5 cm
650 0 _91687
_aবাংলা সাহিত্য
856 _k0
_l0
_yDownload
942 _2ddc
_cBK
999 _c6259
_d6259